000 02868nam0a2200397 4500
001 RU\NLR\BIBL_A\012904457
005 20230616175226.0
010 _a978-5-533-01921-7
_91500
021 _aRU
_bКН-П-22-053363
_9КН-П-22-4638
035 _a(NLR Aleph) 012904457
035 _a(RuMoRGB)011174268
090 _a12592842
_c12592842
100 _a20221007d2022 e y0rusy50 ca
101 0 _arus
102 _aRU
105 _aac j 000zy
181 0 _ai
_baxxe
182 0 _an
200 1 _aКибербезопасность
_eучебник для 9 класса общеобразовательных организаций
_eсоответствует Федеральному государственному образовательному стандарту
_fГ. У. Солдатова, С. В. Чигарькова, И. Д. Пермякова
203 _aТекст
_bвизуальный
_cнепосредственный
210 _aМосква
_cРусское слово
_cРусское слово - учебник
_d2022
215 _a109, [1] с.
_cил., цв. ил., портр.
_d26
225 1 _aФГОС
330 _aУчебник разработан в соответствии с требованиями Федерального государственного образовательного стандарта основного общего образования. Курс "Кибербезопасность" направлен на повышение цифровой грамотности школьников. На занятиях дети познакомятся с разными возможностями Интернета, научатся вовремя распознавать онлайн-риски (технические, контентные, коммуникационные, потребительские и риск интернет-зависимости), успешно разрешать проблемные ситуации в Сети, защищать свои персональные данные и управлять ими
606 1 _aINTERNET, глобальная информационная сеть
_jУчебники для средней школы
_xБезопасность
_92079503
_3RU\NLR\AUTH\661255385
675 _a373.167.1:004
_v4
675 _a004(075.3)
_v4
686 _a32.81я721
_2rubbks
686 1 _aЗ988.02-018я721-1
700 1 _aСолдатова
_bГ. У.
_gГалина Уртанбековна
701 1 _7ca
_8rus
_aЧигарькова
_bС. В.
_cканд. психол. наук
_gСветлана Вячеславна
_9249904
_3RU\NLR\AUTH\770249960
701 1 _aПермякова
_bИ. Д.
_gИрина Дмитриевна
942 _cBOOK
980 _aNB